| 000 | 00000nam##2200000za#4500 |
| 001 | 9.574747 |
| 003 | CaOODSP |
| 005 | 20210624184332 |
| 007 | cr ||||||||||| |
| 008 | 150406|1990||||xxc|||||o f|0| 0 eng|d |
| 040 | |aCaOODSP|beng |
| 043 | |an-cn--- |
| 086 | 1 |aTU3-7/90-5017E-PDF |
| 110 | 2 |aTransportation Safety Board of Canada. |
| 245 | 10|aCapsize and sinking of the F.V. "Straits Pride II" in position 47°58'N 51°54.8'W with fatalities to three of the six-person crew, 17 December 1990 |h[electronic resource] |
| 260 | |aOttawa - Ontario : |bTransportation Safety Board of Canada |
| 300 | |a32p.|bfigs., glossary, photographs |
| 490 | 1 |aMarine investigation report |vM90N5017 |
| 590 | |a12-36-Supp|b2012-08-22 |
| 775 | 08|tChavirement et naufrage du B.P. «Straits Pride II» par 47°58'N et 51°54,8'W qui a entraîné la mort de trois des six membres d'équipage, 17 décembre 1990 |w(CaOODSP)9.604478 |
| 830 | #0|aMarine investigation report ;|vM90N5017|w(CaOODSP)9.504867 |
| 856 | 40|ahttp://publications.gc.ca|qPDF|s630 KB|uhttps://publications.gc.ca/collections/collection_2012/bst-tsb/TU3-7-90-5017-eng.pdf|yM90N5017 |